| 000 | 00438nam a2200169 a 4500 | ||
|---|---|---|---|
| 005 | 20141022142002.0 | ||
| 008 | 110118s19uu xx 00 eng d | ||
| 020 | _a9781433801198 | ||
| 050 |
_aDVD _bJ58 2008 |
||
| 100 | _aJobes, David | ||
| 245 | _aAdolescent days who are suicidal. | ||
| 260 |
_bAPA, _c2008. |
||
| 440 | _aSeries IX-Children and adolescents | ||
| 650 | _aAdolsecence-Boys. | ||
| 650 | _aSuicidal . | ||
| 942 | _cAVM | ||
| 999 |
_c276300 _d276300 |
||